Pension Law

Detalles Bibliográficos
Autor principal: Kaplan, Ari
Otros Autores: Frazer, Mitch
Formato: eBook
Lenguaje:inglés
Publicado: Toronto: Irwin Law Inc., 2021
Edición:Tercera Edicin̤
Colección:Irwin Books
Materias:
Acceso en línea:Acceso restringido

MARC

LEADER 00000nam a22000007a 4500
005 20211103214645.0
007 cr|||| ||||
008 211103s2021 ca |||||s|||| 00||0 eng d
020 |a 978-1-55221-626-2 
035 |a 35196 
040 |a vLex 
090 |c 12636  |d 12636 
100 1 |a Kaplan, Ari 
245 1 0 |a Pension Law  |h [Recurso electrn̤ico] /  |c Ari Kaplan, Mitch Frazer 
250 |a Tercera Edicin̤ 
256 |a Servicio en ln̕ea 
260 |a Toronto:  |b Irwin Law Inc.,  |c 2021 
300 |a 1 recurso electrn̤ico 
490 0 |a Irwin Books 
500 |a The third edition of Pension Law updates pension law and legislation starting with the Supreme Court of Canada’s 2013 decision in IBM Canada Limited v Waterman, through to the 2020 release of Fraser v Canada (Attorney General). These cases further our legal understanding of pension benefits as bearing the “hallmarks of a property right” and as a source of human rights and dignity. This new edition also tracks regulatory developments, including the shift from solvency to going-concern funding as reflected by exemptions granted to public sector plans, conversions to target benefits and jointly sponsored plans, and industry consolidation. This book will be an invaluable resource for anyone who needs to understand this complex legal and regulatory environment, including lawyers, human resources officers, plan administrators and trustees, actuaries, accountants, public servants, and union officials. 
506 1 |a Disponible solo en los productos indicados  |d vLex Global  |d vLex Global (Academic Edition, excluding Law Schools)  |d vLex Global (U.S. Academic Edition, Law Schools)  |d vLex Global (U.S. Academic Edition, excluding Law Schools)  |d vLex Global (Academic Edition, Law Schools) 
650 0 4 |a Derecho Laboral y Seguridad Social  |z Canad̀ 
700 1 |a Frazer, Mitch 
740 0 |a vLex Libros (Servicio en ln̕ea) 
856 4 0 |u https://app.vlex.com/#/sources/35196  |z Acceso restringido 
942 |c BOOK 
999 0 |a Labor law and social security